[Event "DEM U16 2017"]
[Site "Willingen GER"]
[Date "2017.06.06"]
[Round "5"]
[White "Buckels, Valentin"]
[Black "Gungl, Theo"]
[Result "1-0"]
[Termination "normal"]
[Board "1"]
[WhiteTitle "FM"]
[BlackTitle "FM"]
[WhiteElo "2325"]
[BlackElo "2239"]
[WhiteClock "00:35:42"]
[BlackClock "00:00:41"]
[PlyCount "77"]
[WhiteFideId "12942766"]
[BlackFideId "24695653"]
[EventCountry "GER"]
[EventRounds "9"]
[EventType "swiss"]
[EventDate "2017.06.03"]

1. d4 {[%clk 1:30:57]} 1... d5 {[%clk 1:30:57]} 2. c4 {[%clk 1:31:24]} 2... c6
{[%clk 1:31:24]} 3. e3 {[%clk 1:31:51]} 3... Nf6 {[%clk 1:31:49]} 4. Nf3 {
[%clk 1:32:17]} 4... e6 {[%clk 1:32:15]} 5. b3 {[%clk 1:32:44]} 5... Nbd7 {
[%clk 1:32:40]} 6. Bb2 {[%clk 1:33:06]} 6... Ne4 {[%clk 1:31:34]} 7. Nbd2 {
[%clk 1:30:24]} 7... f5 {[%clk 1:29:41]} 8. Bd3 {[%clk 1:28:51]} 8... Be7 {
[%clk 1:28:53]} 9. O-O {[%clk 1:28:02]} 9... O-O {[%clk 1:29:16]} 10. Qc1 {
[%clk 1:25:22]} 10... Qa5 {[%clk 1:18:15]} 11. a3 {[%clk 1:23:42]} 11... a6 {
[%clk 1:06:04]} 12. b4 {[%clk 1:16:12]} 12... Qd8 {[%clk 1:03:58]} 13. Nb3 {
[%clk 1:15:54]} 13... Rf6 {[%clk 0:58:14]} 14. Ne5 {[%clk 1:10:51]} 14... Nxe5
{[%clk 0:54:08]} 15. dxe5 {[%clk 1:11:15]} 15... Rh6 {[%clk 0:43:19]} 16. f3 {
[%clk 1:05:40]} 16... Ng5 {[%clk 0:43:39]} 17. f4 {[%clk 1:05:24]} 17... Nf7 {
[%clk 0:42:46]} 18. Bd4 {[%clk 1:03:31]} 18... g5 {[%clk 0:37:43]} 19. cxd5 {
[%clk 1:01:24]} 19... cxd5 {[%clk 0:37:49]} 20. Na5 {[%clk 1:01:00]} 20... g4 {
[%clk 0:33:33]} 21. Qc3 {[%clk 0:59:14]} 21... Bf8 {[%clk 0:16:01]} 22. g3 {
[%clk 0:58:52]} 22... Rg6 {[%clk 0:15:04]} 23. Rac1 {[%clk 0:58:10]} 23... h5 {
[%clk 0:09:19]} 24. Qc7 {[%clk 0:57:11]} 24... Qe8 {[%clk 0:09:19]} 25. Nxb7 {
[%clk 0:56:41]} 25... h4 {[%clk 0:08:11]} 26. Kg2 {[%clk 0:49:33]} 26... Rh6 {
[%clk 0:07:20]} 27. Rh1 {[%clk 0:49:52]} 27... Bxb7 {[%clk 0:03:38]} 28. Qxb7 {
[%clk 0:50:14]} 28... a5 {[%clk 0:03:39]} 29. bxa5 {[%clk 0:44:42]} 29... Bxa3
{[%clk 0:02:50]} 30. Rc7 {[%clk 0:41:19]} 30... Rb8 {[%clk 0:02:02]} 31. Qc6 {
[%clk 0:41:12]} 31... Qf8 {[%clk 0:02:04]} 32. a6 {[%clk 0:40:06]} 32... hxg3 {
[%clk 0:02:04]} 33. a7 {[%clk 0:40:17]} 33... Rd8 {[%clk 0:02:01]} 34. Kxg3 {
[%clk 0:38:17]} 34... Rh3+ {[%clk 0:00:59]} 35. Kg2 {[%clk 0:36:47]} 35... Qb4
{[%clk 0:01:02]} 36. Qc3 {[%clk 0:35:26]} 36... Qxc3 {[%clk 0:00:39]} 37. Rxc3
{[%clk 0:35:19]} 37... Bb2 {[%clk 0:00:35]} 38. Rb3 {[%clk 0:35:28]} 38... Bxd4
{[%clk 0:00:41]} 39. exd4 {[%clk 0:35:42]} 1-0

[Event "DEM U16 2017"]
[Site "Willingen GER"]
[Date "2017.06.06"]
[Round "5"]
[White "Fieberg, Samuel"]
[Black "Engel, Luis"]
[Result "1-0"]
[Termination "normal"]
[Board "2"]
[WhiteElo "2221"]
[BlackElo "2362"]
[WhiteClock "00:06:19"]
[BlackClock "00:07:57"]
[PlyCount "119"]
[WhiteFideId "12901717"]
[BlackFideId "12961523"]
[EventCountry "GER"]
[EventRounds "9"]
[EventType "swiss"]
[EventDate "2017.06.03"]

1. e4 {[%clk 1:30:59]} 1... c5 {[%clk 1:30:56]} 2. Nf3 {[%clk 1:31:24]} 2... d6
{[%clk 1:31:22]} 3. d4 {[%clk 1:31:51]} 3... cxd4 {[%clk 1:31:47]} 4. Nxd4 {
[%clk 1:32:17]} 4... Nf6 {[%clk 1:32:09]} 5. Nc3 {[%clk 1:32:43]} 5... a6 {
[%clk 1:32:34]} 6. g3 {[%clk 1:33:09]} 6... e5 {[%clk 1:32:58]} 7. Nde2 { [%clk
1:33:36]} 7... b5 {[%clk 1:33:05]} 8. Nd5 {[%clk 1:33:15]} 8... Nbd7 { [%clk
1:32:47]} 9. Nec3 {[%clk 1:33:35]} 9... Bb7 {[%clk 1:31:54]} 10. Bg2 { [%clk
1:33:54]} 10... Be7 {[%clk 1:29:40]} 11. O-O {[%clk 1:33:02]} 11... O-O { [%clk
1:29:24]} 12. a4 {[%clk 1:21:44]} 12... Nxd5 {[%clk 1:28:39]} 13. Nxd5 { [%clk
1:22:06]} 13... Nb6 {[%clk 1:26:31]} 14. Nxe7+ {[%clk 1:10:19]} 14... Qxe7
{[%clk 1:26:53]} 15. a5 {[%clk 1:10:44]} 15... Nd7 {[%clk 1:26:38]} 16. b3
{[%clk 1:09:44]} 16... Nf6 {[%clk 1:23:55]} 17. Qd3 {[%clk 1:07:10]} 17... Rfd8
{[%clk 1:20:56]} 18. Bb2 {[%clk 0:58:11]} 18... Rac8 {[%clk 1:11:58]} 19. Rfe1
{[%clk 0:55:39]} 19... Rc6 {[%clk 1:05:06]} 20. Qd2 {[%clk 0:43:49]} 20... Rdc8
{[%clk 0:59:46]} 21. Rac1 {[%clk 0:43:57]} 21... h6 {[%clk 0:53:52]} 22. Ba3 {
[%clk 0:33:58]} 22... Qc7 {[%clk 0:51:09]} 23. Re2 {[%clk 0:32:07]} 23... Rd8 {
[%clk 0:47:00]} 24. Re3 {[%clk 0:30:56]} 24... Qc8 {[%clk 0:43:53]} 25. Rd3 {
[%clk 0:30:19]} 25... Qe6 {[%clk 0:37:43]} 26. Rd1 {[%clk 0:29:52]} 26... Ne8 {
[%clk 0:36:18]} 27. Qe2 {[%clk 0:26:26]} 27... Rc7 {[%clk 0:30:47]} 28. Bf3 {
[%clk 0:24:43]} 28... Qg6 {[%clk 0:29:54]} 29. h4 {[%clk 0:21:55]} 29... Bc8 {
[%clk 0:22:23]} 30. R1d2 {[%clk 0:20:25]} 30... Rc6 {[%clk 0:17:02]} 31. Qd1 {
[%clk 0:18:47]} 31... Qe6 {[%clk 0:16:54]} 32. Rd5 {[%clk 0:16:32]} 32... Bb7 {
[%clk 0:15:06]} 33. R5d3 {[%clk 0:11:19]} 33... Qd7 {[%clk 0:13:08]} 34. Bb4 {
[%clk 0:10:52]} 34... Kh7 {[%clk 0:11:52]} 35. Bg4 {[%clk 0:08:41]} 35... Qe7 {
[%clk 0:10:58]} 36. Be2 {[%clk 0:07:06]} 36... Qe6 {[%clk 0:09:31]} 37. Bf3 {
[%clk 0:02:43]} 37... Kg8 {[%clk 0:08:21]} 38. Kh2 {[%clk 0:01:51]} 38... Bc8 {
[%clk 0:07:24]} 39. Bg2 {[%clk 0:02:17]} 39... Qg4 {[%clk 0:04:42]} 40. Qe1 {
[%clk 0:00:55]} 40... Qe6 {[%clk 0:02:40]} 41. f4 {[%clk 0:25:31]} 41... Bb7 {
[%clk 0:25:02]} 42. f5 {[%clk 0:23:21]} 42... Qe7 {[%clk 0:24:51]} 43. Qd1 {
[%clk 0:22:35]} 43... Qc7 {[%clk 0:20:28]} 44. g4 {[%clk 0:22:12]} 44... Rc8 {
[%clk 0:18:12]} 45. c3 {[%clk 0:21:33]} 45... Qe7 {[%clk 0:17:51]} 46. Qe1 {
[%clk 0:21:29]} 46... Rd8 {[%clk 0:15:13]} 47. Qg3 {[%clk 0:21:21]} 47... f6 {
[%clk 0:14:55]} 48. Qe1 {[%clk 0:20:39]} 48... Rc7 {[%clk 0:14:44]} 49. Qd1 {
[%clk 0:19:19]} 49... Rcd7 {[%clk 0:14:24]} 50. Kg1 {[%clk 0:18:25]} 50... Qf7
{[%clk 0:13:20]} 51. Bf3 {[%clk 0:13:56]} 51... Kh8 {[%clk 0:10:52]} 52. g5 {
[%clk 0:11:01]} 52... fxg5 {[%clk 0:08:41]} 53. hxg5 {[%clk 0:10:41]} 53... d5
{[%clk 0:08:53]} 54. Bh5 {[%clk 0:07:47]} 54... Qg8 {[%clk 0:09:16]} 55. Rh3 {
[%clk 0:05:38]} 55... Nd6 {[%clk 0:08:24]} 56. Bxd6 {[%clk 0:05:36]} 56... Rxd6
{[%clk 0:08:49]} 57. Bg6 {[%clk 0:05:59]} 57... Rxg6 {[%clk 0:08:03]} 58. fxg6
{[%clk 0:06:24]} 58... Qe6 {[%clk 0:08:21]} 59. Qh5 {[%clk 0:06:08]} 59... Bc8
{[%clk 0:07:57]} 60. Rh4 {[%clk 0:06:19]} 1-0

[Event "DEM U16 2017"]
[Site "Willingen GER"]
[Date "2017.06.06"]
[Round "5"]
[White "Martin, Julian"]
[Black "Ewert, Hannes"]
[Result "1/2-1/2"]
[Termination "normal"]
[Board "3"]
[WhiteTitle "FM"]
[WhiteElo "2348"]
[BlackElo "2231"]
[WhiteClock "01:00:34"]
[BlackClock "00:02:00"]
[PlyCount "67"]
[WhiteFideId "12941000"]
[BlackFideId "12961574"]
[EventCountry "GER"]
[EventRounds "9"]
[EventType "swiss"]
[EventDate "2017.06.03"]

1. e4 {[%clk 1:30:53]} 1... e5 {[%clk 1:30:50]} 2. Nf3 {[%clk 1:31:17]} 2...
Nc6 {[%clk 1:31:16]} 3. Nc3 {[%clk 1:31:42]} 3... Nf6 {[%clk 1:31:38]} 4. Bb5 {
[%clk 1:32:08]} 4... Bb4 {[%clk 1:31:25]} 5. d3 {[%clk 1:32:27]} 5... Bxc3+ {
[%clk 1:31:12]} 6. bxc3 {[%clk 1:32:43]} 6... d6 {[%clk 1:31:39]} 7. O-O {
[%clk 1:33:00]} 7... O-O {[%clk 1:32:04]} 8. Bg5 {[%clk 1:33:25]} 8... Qe7 {
[%clk 1:32:12]} 9. Re1 {[%clk 1:33:28]} 9... a6 {[%clk 1:32:12]} 10. Ba4 {
[%clk 1:32:00]} 10... Nd8 {[%clk 1:31:59]} 11. d4 {[%clk 1:29:27]} 11... Ne6 {
[%clk 1:20:55]} 12. Bc1 {[%clk 1:29:52]} 12... b5 {[%clk 1:20:52]} 13. Bb3 {
[%clk 1:30:03]} 13... Bb7 {[%clk 1:21:15]} 14. Qd3 {[%clk 1:25:21]} 14... c5 {
[%clk 1:20:20]} 15. Bxe6 {[%clk 1:25:27]} 15... Qxe6 {[%clk 1:20:17]} 16. d5 {
[%clk 1:25:44]} 16... Qd7 {[%clk 1:14:26]} 17. Nh4 {[%clk 1:24:42]} 17... Kh8 {
[%clk 0:49:55]} 18. a4 {[%clk 1:21:31]} 18... bxa4 {[%clk 0:43:51]} 19. Nf5 {
[%clk 1:21:09]} 19... g6 {[%clk 0:41:00]} 20. Nh6 {[%clk 1:20:28]} 20... Nh5 {
[%clk 0:33:21]} 21. Qf3 {[%clk 1:15:47]} 21... f6 {[%clk 0:31:14]} 22. Bd2 {
[%clk 1:14:21]} 22... Bc8 {[%clk 0:23:33]} 23. Reb1 {[%clk 1:11:35]} 23... Ra7
{[%clk 0:15:52]} 24. c4 {[%clk 1:10:27]} 24... Rb7 {[%clk 0:08:30]} 25. Re1 {
[%clk 1:10:48]} 25... Qe8 {[%clk 0:06:28]} 26. Ra3 {[%clk 1:09:49]} 26... Bd7 {
[%clk 0:06:20]} 27. g4 {[%clk 1:10:05]} 27... Ng7 {[%clk 0:06:24]} 28. Qg3 {
[%clk 1:10:18]} 28... Qb8 {[%clk 0:03:50]} 29. Kg2 {[%clk 1:08:26]} 29... Rb1 {
[%clk 0:03:54]} 30. Re2 {[%clk 1:08:25]} 30... Qb2 {[%clk 0:03:25]} 31. Rf3 {
[%clk 1:05:57]} 31... a3 {[%clk 0:02:31]} 32. Rxa3 {[%clk 1:03:15]} 32... Qxc2
{[%clk 0:02:27]} 33. Qh4 {[%clk 1:00:34]} 33... Qxc4 {[%clk 0:02:00]} 34. Rh3
1/2-1/2

[Event "DEM U16 2017"]
[Site "Willingen GER"]
[Date "2017.06.06"]
[Round "5"]
[White "Stein, Robert"]
[Black "Schmidek, Emil"]
[Result "0-1"]
[Termination "normal"]
[Board "4"]
[BlackTitle "FM"]
[WhiteElo "2169"]
[BlackElo "2424"]
[WhiteClock "00:05:45"]
[BlackClock "00:03:54"]
[PlyCount "116"]
[WhiteFideId "12921084"]
[BlackFideId "12908150"]
[EventCountry "GER"]
[EventRounds "9"]
[EventType "swiss"]
[EventDate "2017.06.03"]

1. d4 {[%clk 1:30:57]} 1... Nf6 {[%clk 1:30:55]} 2. c4 {[%clk 1:30:49]} 2... g6
{[%clk 1:31:19]} 3. Nf3 {[%clk 1:29:50]} 3... Bg7 {[%clk 1:31:42]} 4. g3 {
[%clk 1:30:02]} 4... O-O {[%clk 1:32:05]} 5. Bg2 {[%clk 1:30:24]} 5... d5 {
[%clk 1:32:18]} 6. cxd5 {[%clk 1:29:14]} 6... Nxd5 {[%clk 1:32:39]} 7. Nc3 {
[%clk 1:29:34]} 7... c5 {[%clk 1:32:23]} 8. O-O {[%clk 1:24:46]} 8... Nxc3 {
[%clk 1:29:40]} 9. bxc3 {[%clk 1:25:10]} 9... Nc6 {[%clk 1:30:01]} 10. e3 {
[%clk 1:16:11]} 10... Qa5 {[%clk 1:29:01]} 11. Qb3 {[%clk 1:10:33]} 11... Rb8 {
[%clk 1:06:02]} 12. Ba3 {[%clk 0:59:57]} 12... b6 {[%clk 0:59:58]} 13. Nd2 {
[%clk 0:53:34]} 13... Bd7 {[%clk 0:59:24]} 14. Rfd1 {[%clk 0:52:12]} 14... Qa6
{[%clk 0:55:19]} 15. Rac1 {[%clk 0:41:50]} 15... Na5 {[%clk 0:51:16]} 16. Qb2 {
[%clk 0:38:25]} 16... Ba4 {[%clk 0:45:02]} 17. Re1 {[%clk 0:31:42]} 17... Qc8 {
[%clk 0:41:36]} 18. Qa1 {[%clk 0:24:31]} 18... Qd7 {[%clk 0:39:29]} 19. Bb2 {
[%clk 0:20:00]} 19... Rfd8 {[%clk 0:37:20]} 20. d5 {[%clk 0:17:26]} 20... Qb5 {
[%clk 0:25:35]} 21. Bf1 {[%clk 0:13:20]} 21... c4 {[%clk 0:25:38]} 22. Bg2 {
[%clk 0:12:54]} 22... e6 {[%clk 0:25:18]} 23. e4 {[%clk 0:11:09]} 23... Qc5 {
[%clk 0:24:18]} 24. Re2 {[%clk 0:06:53]} 24... Bh6 {[%clk 0:22:00]} 25. Rce1 {
[%clk 0:06:20]} 25... Bc2 {[%clk 0:19:37]} 26. Nxc4 {[%clk 0:03:16]} 26... Bd3
{[%clk 0:19:43]} 27. Nxa5 {[%clk 0:03:09]} 27... Qxa5 {[%clk 0:18:05]} 28. h4 {
[%clk 0:01:00]} 28... Bxe2 {[%clk 0:15:58]} 29. Rxe2 {[%clk 0:01:29]} 29... Qb5
{[%clk 0:15:55]} 30. Re1 {[%clk 0:01:35]} 30... exd5 {[%clk 0:12:24]} 31. exd5
{[%clk 0:02:00]} 31... Re8 {[%clk 0:12:29]} 32. Ba3 {[%clk 0:01:33]} 32... Bf8
{[%clk 0:11:28]} 33. Bxf8 {[%clk 0:01:52]} 33... Rxf8 {[%clk 0:09:06]} 34. h5 {
[%clk 0:02:11]} 34... Rfe8 {[%clk 0:04:42]} 35. Rd1 {[%clk 0:01:38]} 35... Qc5
{[%clk 0:03:38]} 36. Bf3 {[%clk 0:00:43]} 36... Rbc8 {[%clk 0:02:41]} 37. Rd3 {
[%clk 0:01:07]} 37... Qc4 {[%clk 0:02:43]} 38. Qd1 {[%clk 0:01:32]} 38... Re1+
{[%clk 0:01:47]} 39. Qxe1 {[%clk 0:01:54]} 39... Qxd3 {[%clk 0:02:08]} 40. Kg2
{[%clk 0:02:03]} 40... Qxc3 {[%clk 0:00:40]} 41. Qe7 {[%clk 0:00:42]} 41... Qc7
{[%clk 0:25:53]} 42. Qf6 {[%clk 0:29:07]} 42... Qd8 {[%clk 0:25:49]} 43. Qd4 {
[%clk 0:28:20]} 43... Qd6 {[%clk 0:22:48]} 44. a4 {[%clk 0:26:50]} 44... a6 {
[%clk 0:14:30]} 45. Qd3 {[%clk 0:20:55]} 45... Kg7 {[%clk 0:09:42]} 46. Qxa6 {
[%clk 0:17:58]} 46... Rc2 {[%clk 0:09:53]} 47. hxg6 {[%clk 0:14:30]} 47... Qc5
{[%clk 0:08:22]} 48. Qf1 {[%clk 0:14:52]} 48... hxg6 {[%clk 0:08:44]} 49. Qe1 {
[%clk 0:12:13]} 49... Qd4 {[%clk 0:07:55]} 50. g4 {[%clk 0:12:22]} 50... Ra2 {
[%clk 0:07:13]} 51. Qf1 {[%clk 0:11:12]} 51... Rxa4 {[%clk 0:07:16]} 52. Qb1 {
[%clk 0:11:28]} 52... Rb4 {[%clk 0:07:37]} 53. Qe1 {[%clk 0:11:21]} 53... Rb2 {
[%clk 0:07:56]} 54. g5 {[%clk 0:11:14]} 54... Rd2 {[%clk 0:08:09]} 55. Kg3 {
[%clk 0:07:27]} 55... b5 {[%clk 0:08:17]} 56. Be4 {[%clk 0:05:48]} 56... Qe5+ {
[%clk 0:07:55]} 57. Kg4 {[%clk 0:05:39]} 57... Rxd5 {[%clk 0:03:28]} 58. f4 {
[%clk 0:05:45]} 58... Qe6+ {[%clk 0:03:54]} 0-1

[Event "DEM U16 2017"]
[Site "Willingen GER"]
[Date "2017.06.06"]
[Round "5"]
[White "Färber, David"]
[Black "Rieß, Alexander"]
[Result "0-1"]
[Termination "normal"]
[Board "5"]
[BlackTitle "FM"]
[WhiteElo "2229"]
[BlackElo "2224"]
[WhiteClock "00:17:57"]
[BlackClock "00:21:08"]
[PlyCount "68"]
[WhiteFideId "12971294"]
[BlackFideId "12953326"]
[EventCountry "GER"]
[EventRounds "9"]
[EventType "swiss"]
[EventDate "2017.06.03"]

1. e4 {[%clk 1:30:57]} 1... e6 {[%clk 1:30:53]} 2. d4 {[%clk 1:31:21]} 2... d5
{[%clk 1:31:17]} 3. Nc3 {[%clk 1:31:28]} 3... Bb4 {[%clk 1:30:51]} 4. e5 {
[%clk 1:31:49]} 4... c5 {[%clk 1:31:12]} 5. a3 {[%clk 1:32:13]} 5... Bxc3+ {
[%clk 1:31:31]} 6. bxc3 {[%clk 1:32:35]} 6... Ne7 {[%clk 1:31:51]} 7. Qg4 {
[%clk 1:32:57]} 7... cxd4 {[%clk 1:31:59]} 8. Bd3 {[%clk 1:32:58]} 8... Qa5 {
[%clk 1:32:07]} 9. Ne2 {[%clk 1:32:04]} 9... O-O {[%clk 1:32:14]} 10. Bg5 {
[%clk 1:25:51]} 10... Ng6 {[%clk 1:32:17]} 11. f4 {[%clk 1:20:42]} 11... Nd7 {
[%clk 1:32:24]} 12. h4 {[%clk 1:16:18]} 12... f5 {[%clk 1:26:41]} 13. exf6 {
[%clk 1:09:56]} 13... Nxf6 {[%clk 1:26:19]} 14. Qg3 {[%clk 1:07:18]} 14... Nh5
{[%clk 1:13:36]} 15. Qf3 {[%clk 0:49:47]} 15... e5 {[%clk 1:06:13]} 16. Qxh5 {
[%clk 0:41:04]} 16... e4 {[%clk 1:03:52]} 17. Rd1 {[%clk 0:36:43]} 17... exd3 {
[%clk 0:58:36]} 18. Rxd3 {[%clk 0:35:55]} 18... dxc3 {[%clk 0:52:43]} 19. O-O {
[%clk 0:35:03]} 19... Bf5 {[%clk 0:50:55]} 20. Rxc3 {[%clk 0:33:29]} 20... d4 {
[%clk 0:43:34]} 21. Rc4 {[%clk 0:30:12]} 21... d3 {[%clk 0:40:40]} 22. Nd4 {
[%clk 0:29:27]} 22... Qd5 {[%clk 0:38:24]} 23. Rb4 {[%clk 0:26:43]} 23... a5 {
[%clk 0:36:10]} 24. Nxf5 {[%clk 0:26:53]} 24... axb4 {[%clk 0:34:12]} 25. Ne3 {
[%clk 0:27:04]} 25... Qd4 {[%clk 0:33:28]} 26. f5 {[%clk 0:27:11]} 26... dxc2 {
[%clk 0:33:06]} 27. Kh2 {[%clk 0:24:54]} 27... Qe5+ {[%clk 0:29:25]} 28. g3 {
[%clk 0:22:46]} 28... b3 {[%clk 0:27:22]} 29. Ng4 {[%clk 0:19:42]} 29... Qe2+ {
[%clk 0:26:00]} 30. Rf2 {[%clk 0:19:59]} 30... Qe4 {[%clk 0:25:53]} 31. f6 {
[%clk 0:18:32]} 31... b2 {[%clk 0:22:55]} 32. Qh6 {[%clk 0:17:05]} 32... gxh6 {
[%clk 0:21:15]} 33. Nxh6+ {[%clk 0:17:30]} 33... Kh8 {[%clk 0:21:30]} 34. f7 {
[%clk 0:17:57]} 34... Qd4 {[%clk 0:21:08]} 0-1

[Event "DEM U16 2017"]
[Site "Willingen GER"]
[Date "2017.06.06"]
[Round "5"]
[White "Goldbeck, Lars"]
[Black "Zienert, Richard"]
[Result "1/2-1/2"]
[Termination "normal"]
[Board "6"]
[WhiteElo "2197"]
[BlackElo "2261"]
[WhiteClock "00:11:27"]
[BlackClock "00:43:13"]
[PlyCount "90"]
[WhiteFideId "16208188"]
[BlackFideId "12945986"]
[EventCountry "GER"]
[EventRounds "9"]
[EventType "swiss"]
[EventDate "2017.06.03"]

1. d4 {[%clk 1:30:59]} 1... Nf6 {[%clk 1:30:40]} 2. c4 {[%clk 1:31:24]} 2... g6
{[%clk 1:30:09]} 3. f3 {[%clk 1:31:50]} 3... Nc6 {[%clk 1:28:33]} 4. e4 { [%clk
1:31:23]} 4... e5 {[%clk 1:28:57]} 5. d5 {[%clk 1:28:01]} 5... Nd4 { [%clk
1:29:21]} 6. Ne2 {[%clk 1:25:05]} 6... c5 {[%clk 1:29:46]} 7. dxc6 { [%clk
1:23:38]} 7... dxc6 {[%clk 1:30:04]} 8. Nxd4 {[%clk 1:23:02]} 8... exd4 { [%clk
1:29:59]} 9. Bd3 {[%clk 1:20:51]} 9... Bg7 {[%clk 1:30:07]} 10. O-O { [%clk
1:21:09]} 10... O-O {[%clk 1:30:32]} 11. Bg5 {[%clk 1:17:33]} 11... Qb6 { [%clk
1:30:11]} 12. Qc2 {[%clk 1:02:17]} 12... Nd7 {[%clk 1:30:09]} 13. Nd2 { [%clk
1:00:41]} 13... Nc5 {[%clk 1:27:19]} 14. Rab1 {[%clk 0:59:57]} 14... f5 { [%clk
1:24:34]} 15. Be7 {[%clk 0:58:14]} 15... Re8 {[%clk 1:19:17]} 16. Bxc5 { [%clk
0:58:33]} 16... Qxc5 {[%clk 1:19:39]} 17. b4 {[%clk 0:57:48]} 17... Qf8 { [%clk
1:19:54]} 18. c5 {[%clk 0:55:13]} 18... Be6 {[%clk 1:19:44]} 19. exf5 { [%clk
0:53:16]} 19... Bxf5 {[%clk 1:18:20]} 20. Bxf5 {[%clk 0:52:53]} 20... Qxf5
{[%clk 1:13:59]} 21. Ne4 {[%clk 0:49:35]} 21... Be5 {[%clk 1:14:12]} 22. f4
{[%clk 0:38:48]} 22... Bg7 {[%clk 1:02:41]} 23. Rbe1 {[%clk 0:37:53]} 23... Kh8
{[%clk 1:03:02]} 24. Qd3 {[%clk 0:33:46]} 24... Re7 {[%clk 1:02:21]} 25. Qf3
{[%clk 0:33:36]} 25... Qe6 {[%clk 0:55:26]} 26. g4 {[%clk 0:23:31]} 26... Rf8
{[%clk 0:47:16]} 27. Qh3 {[%clk 0:18:56]} 27... d3 {[%clk 0:45:20]} 28. Qxh7+
{[%clk 0:18:52]} 28... Kxh7 {[%clk 0:45:44]} 29. Ng5+ {[%clk 0:19:21]} 29...
Kg8 {[%clk 0:45:48]} 30. Nxe6 {[%clk 0:19:49]} 30... d2 {[%clk 0:43:27]} 31.
Re2 {[%clk 0:17:52]} 31... Rf6 {[%clk 0:43:24]} 32. f5 {[%clk 0:13:35]} 32...
gxf5 {[%clk 0:43:51]} 33. Nd4 {[%clk 0:13:03]} 33... fxg4 {[%clk 0:43:03] } 34.
Rxd2 {[%clk 0:11:13]} 34... Rxf1+ {[%clk 0:41:02]} 35. Kxf1 { [%clk 0:11:42]}
35... Rd7 {[%clk 0:41:19]} 36. Nb3 {[%clk 0:12:02]} 36... Rxd2 {[%clk 0:41:43]}
37. Nxd2 {[%clk 0:12:31]} 37... Bc3 {[%clk 0:41:57]} 38. Ne4 { [%clk 0:11:09]}
38... Bxb4 {[%clk 0:42:20]} 39. Kg2 {[%clk 0:11:26]} 39... b6 { [%clk 0:42:17]}
40. cxb6 {[%clk 0:11:18]} 40... axb6 {[%clk 0:42:42]} 41. Kg3 { [%clk 0:12:06]}
41... c5 {[%clk 0:42:12]} 42. Nd6 {[%clk 0:11:34]} 42... Bc3 { [%clk 0:42:08]}
43. Kxg4 {[%clk 0:11:27]} 43... Be5 {[%clk 0:42:31]} 44. Nc4 { [%clk 0:11:19]}
44... Bc7 {[%clk 0:42:55]} 45. a4 {[%clk 0:11:27]} 45... Bxh2 { [%clk 0:43:13]}
1/2-1/2

[Event "DEM U16 2017"]
[Site "Willingen GER"]
[Date "2017.06.06"]
[Round "5"]
[White "Muckle, Julius"]
[Black "Wendler, David"]
[Result "1-0"]
[Termination "normal"]
[Board "7"]
[WhiteElo "2303"]
[BlackElo "2022"]
[WhiteClock "00:58:41"]
[BlackClock "00:18:05"]
[PlyCount "63"]
[WhiteFideId "12942430"]
[BlackFideId "12938360"]
[EventCountry "GER"]
[EventRounds "9"]
[EventType "swiss"]
[EventDate "2017.06.03"]

1. d4 {[%clk 1:30:59]} 1... Nf6 {[%clk 1:30:20]} 2. c4 {[%clk 1:31:26]} 2... e6
{[%clk 1:30:04]} 3. Nc3 {[%clk 1:31:52]} 3... Bb4 {[%clk 1:29:11]} 4. e3 {
[%clk 1:32:20]} 4... b6 {[%clk 1:28:40]} 5. Nge2 {[%clk 1:32:45]} 5... Bb7 {
[%clk 1:26:49]} 6. a3 {[%clk 1:33:04]} 6... Be7 {[%clk 1:23:27]} 7. d5 { [%clk
1:33:20]} 7... O-O {[%clk 1:19:54]} 8. Ng3 {[%clk 1:32:51]} 8... d6 { [%clk
1:17:13]} 9. Be2 {[%clk 1:30:24]} 9... Nbd7 {[%clk 1:12:13]} 10. O-O { [%clk
1:28:41]} 10... e5 {[%clk 1:09:38]} 11. e4 {[%clk 1:26:45]} 11... Re8 { [%clk
1:06:55]} 12. Be3 {[%clk 1:21:18]} 12... Bf8 {[%clk 1:06:30]} 13. b4 { [%clk
1:19:44]} 13... g6 {[%clk 1:03:16]} 14. Qd2 {[%clk 1:18:29]} 14... Qe7 { [%clk
1:01:21]} 15. Rac1 {[%clk 1:16:30]} 15... Rec8 {[%clk 0:52:18]} 16. h4 { [%clk
1:14:25]} 16... a5 {[%clk 0:51:28]} 17. Ra1 {[%clk 1:12:37]} 17... Qe8 { [%clk
0:45:17]} 18. h5 {[%clk 1:10:46]} 18... axb4 {[%clk 0:38:17]} 19. axb4 { [%clk
1:11:14]} 19... Rxa1 {[%clk 0:38:12]} 20. Rxa1 {[%clk 1:11:44]} 20... Ra8
{[%clk 0:37:58]} 21. Rf1 {[%clk 1:08:09]} 21... Bg7 {[%clk 0:35:05]} 22. Nb5 {
[%clk 1:05:42]} 22... Qd8 {[%clk 0:35:13]} 23. Bg5 {[%clk 1:04:18]} 23... Qb8 {
[%clk 0:31:41]} 24. h6 {[%clk 1:00:36]} 24... Bh8 {[%clk 0:29:47]} 25. f4 {
[%clk 1:00:36]} 25... exf4 {[%clk 0:29:11]} 26. Qxf4 {[%clk 1:00:28]} 26... Qd8
{[%clk 0:28:47]} 27. Bg4 {[%clk 1:00:35]} 27... Ne5 {[%clk 0:28:46]} 28. Bh3 {
[%clk 1:00:02]} 28... Nd3 {[%clk 0:25:15]} 29. Qh4 {[%clk 0:59:47]} 29... Bc8 {
[%clk 0:21:03]} 30. Bxc8 {[%clk 0:59:10]} 30... Rxc8 {[%clk 0:20:54]} 31. Na7 {
[%clk 0:58:40]} 31... Ng4 {[%clk 0:18:05]} 32. Qxg4 {[%clk 0:58:41]} 1-0